00483nam a2200157Ia 4500003000900000008004100009020002200050040001600072080002300088245011000111260002700221300001400248650001200262650002400274700002700298IN-BaIIA211028s9999 xx 000 0 eng d a978-3-540-21148-8 cIIA Library a538.9(058)bADV-44 0aAdvances in solid state physicsbvol. 44cedited by Bernhard Kramer  aBerlinbSpringerc2004 axx, 565p. aPhysics aSolid state physics aKramer, Bernhard., ed.